Movies Quiz

Random Movies Quiz
Score 0/22 Timer 10:00
0 Plays Today
Hint Answer % Correct
Actor who potrays George Bailey?James Stewart
93.5%
Which Sesame Street duo are named after the cop and cab driver in this movie?Bert and Ernie
92.6%
'Teacher says everytime a bell rings, an angel gets his....?'Wings
92.1%
What was under the school during the dance?Swimming pool
88.4%
George told his wife that he would lassoe her what?The Moon
88%
After saving his brother from drowning, George got a bad cold that caused damage to what?His ear
87.5%
The name of the town?Bedford Falls
81.5%
How many kids does George have?Four
79.6%
The name of the town in the alternate universe?Pottersville
77.3%
What type of bird is always hanging around the Buliding and Loan?Raven
75.5%
George's brother who went to war?Harry
72.7%
Hint Answer % Correct
What book is Clarence reading?The Adventures of Tom Sawyer
68.1%
What did George's father die from?Stroke
67.6%
Besides Mary, who was the other girl who had a crush on George?Violet
66.2%
His wife?Mary
65.7%
How much money did Uncle Billy lose?$8000
65.7%
Mr Gower's son died from what?Influenza
54.2%
The name of George's maid?Annie
52.3%
The housing project that George builds?Bailey Park
45.4%
What is Mr. Potter's first name?Henry
43.1%
Name the daughters.Janie and Zuzu
36.1%
Name the sons. Pete and Tommy
35.2%
Remove Ads.
Support Sporcle.
Get the best of Sporcle when you Go Orange. This ad-free experience offers more features, more stats, and more fun while also helping to support Sporcle. Thank you for becoming a member.

You're not logged in!

Compare scores with friends on all Sporcle quizzes.
OR
Log In

Show Comments

Extras

Top Quizzes Today


Score Distribution

Your Account Isn't Verified!

In order to create a playlist on Sporcle, you need to verify the email address you used during registration. Go to your Sporcle Settings to finish the process.

Report this User

Report this user for behavior that violates our Community Guidelines.

Details: